000 01070nam a2200277 a 4500
001 000039031
003 DO-SdBNP
005 20250225124618.0
007 ta
008 130514s2012 dr ac 000 0 spa d
040 _aDO-SdBNP
_bspa
_cBNPHU
_erda
082 4 _axxx
_bxxx
_222
245 0 0 _aSemana dominicana en Estados Unidos /
_ccoordinador general, Miguel Angel Heredia Bonetti ; coordinación editorial y edición, Margarita Marmolejos ; traducción, Enid Muñoz, Ileana Benady
264 1 _aSanto Domingo :
_bEditora Búho,
_c2012.
300 _a279 páginas :
_bilustraciones, retratos ;
_c31 cm.
336 _atexto
_btxt
_2rdacontent
337 _asin mediación
_bn
_2rdamedia
338 _avolumen
_bnc
_2rdacarrier
590 _aInventariado, 2025/BT
700 1 _aHeredia Bonetti, Miguel Angel,
_ecoordinador
_4coord.
_987059
700 1 _aMarmolejos, Margarita,
_ecoordinador editorial
_4coord. ed.
_99617
700 1 _aMuñoz, Enid,
_etraductor
_4tr.
_987060
700 1 _aBenady, Ileana,
_etraductor
_4tr.
_987061
910 _aBtavárez
942 _2ddc
_cLBS1
999 _c38521
_d38521